Catálogo de información de recursos naturales y medio ambiente V región, 1996

Saved in:
Bibliographic Details
Corporate Author: CIREN (Author)
Format: Book
Language:Spanish
Published: Santiago CIREN 1996
Subjects:
Tags: Add Tag
No Tags, Be the first to tag this record!

MARC

LEADER 00000nam a2200000 a 4500
001 UCM0628
003 CL-VaPUC
008 020301e19960000CL |||||||||||||||||spa|d
082 0 4 |a 333.7  |b CIR  |2 21 
110 2 |a CIREN  |e author  |9 467560 
245 1 0 |a Catálogo de información de recursos naturales y medio ambiente V región, 1996 
300 |a pág. irreg 
942 |c BK 
945 |d 20020301 00:00:00  |a cmena 
260 |a Santiago  |b CIREN  |c 1996 
650 0 |a Recursos naturales  |9 255232 
650 0 |a Zonas rurales  |9 317366 
650 0 |a Industria agrícola   |9 264819 
650 0 |a Climatología   |9 262302 
650 7 |a EDAFOLOGIA  |2 CL-VaPUC  |9 467561 
650 7 |a RECURSOS FORESTALES  |2 CL-VaPUC  |9 334317 
650 0 |a Recursos hídricos  |9 346690 
651 0 |a Región 05  |9 267528 
651 7 |a CHILE  |2 CL-VaPUC  |9 467562 
583 |a last modification  |c 20020301 00:00:00  |k Rodrigo Vera 
999 |c 299504  |d 299502 
952 |0 0  |1 0  |4 0  |6 333_700000000000000_CIR_1996  |7 0  |8 A  |9 356099  |a BIBAGR  |b BIBAGR  |d 2019-11-21  |i 3478459  |o 333.7 CIR 1996  |p 3478459  |r 2025-01-20  |w 2019-11-21  |y BK  |k AGR